|
|
|
|
| LEADER |
00000nam a2200000 4500 |
| 001 |
vtls012127634 |
| 003 |
SK-MaSNL |
| 005 |
20260426001858.0 |
| 008 |
220318s2020 xo frn 000 0dslo |
| 015 |
|
|
|a SNBA2023/04
|
| 020 |
|
|
|a 9788097206994
|q (brožované)
|
| 040 |
|
|
|a SNK
|b slo
|c SNK
|e rda
|
| 041 |
0 |
|
|a slo
|
| 043 |
|
|
|a e-xo---
|
| 044 |
|
|
|a xo
|c SK
|
| 072 |
|
7 |
|a 323
|x Vnútropolitický vývoj, politický život
|2 konspekt
|
| 080 |
|
|
|a 323.15
|2 2011
|
| 080 |
|
|
|a 314.113:323.1
|2 2011
|
| 080 |
|
|
|a (437.6)
|2 2011
|
| 080 |
|
|
|a (048.8:082)
|2 2011
|
| 080 |
|
|
|a 323.1
|2 2011
|
| 080 |
|
|
|a 341.234
|2 2011
|
| 100 |
1 |
|
|a Gallová Kriglerová, Elena,
|d 1980-
|4 aut
|4 edt
|9 100990
|
| 245 |
1 |
0 |
|a Menšinová politika na Slovensku 2020
|c editovala Elena Gallo Kriglerová ; vydanie zostavila Alena Holka Chudžíková
|
| 250 |
|
|
|a Vydanie prvé
|
| 264 |
|
1 |
|a Bratislava
|b Centrum pre výskum etnicity a kultúry
|c 2020
|
| 300 |
|
|
|a 81 strán
|c 24 cm
|
| 336 |
|
|
|a text
|b txt
|2 rdacontent
|
| 337 |
|
|
|a bez média
|b n
|2 rdamedia
|
| 338 |
|
|
|a zväzok
|b nc
|2 rdacarrier
|
| 366 |
|
|
|e 100 kusov
|
| 500 |
|
|
|a Obsahuje profesijné údaje o autorkách
|
| 504 |
|
|
|a Bibliografia na strane 69-80
|
| 648 |
|
7 |
|a 21. storočie
|2 SNKPH
|9 301294
|
| 648 |
|
7 |
|a 21st century
|2 SNKPHeng
|9 303236
|
| 650 |
0 |
7 |
|a národnostné menšiny
|2 SNKPH
|9 2669
|
| 650 |
0 |
7 |
|a Ethnic minorities
|2 SNKPHeng
|9 265191
|
| 650 |
0 |
7 |
|a národnostná politika
|2 SNKPH
|9 4656
|
| 650 |
0 |
7 |
|a Nationality policy
|2 SNKPHeng
|9 266820
|
| 650 |
0 |
7 |
|a národnostné pomery
|2 SNKPH
|9 3861
|
| 650 |
0 |
7 |
|a National circumstances
|2 SNKPHeng
|9 341947
|
| 650 |
0 |
7 |
|a práva menšín
|2 SNKPH
|9 2259
|
| 650 |
0 |
7 |
|a Rights of minorities
|2 SNKPHeng
|9 268664
|
| 651 |
|
7 |
|a Slovensko
|2 SNKPHgeo
|9 14231
|
| 651 |
|
7 |
|a Slovakia
|2 SNKPHeng
|9 92630
|
| 655 |
|
7 |
|a kolektívne monografie
|2 SNKPH
|9 249850
|
| 655 |
|
7 |
|a Collective monographs
|2 SNKPHeng
|9 125747
|
| 700 |
1 |
|
|a Holka Chudžíková, Alena,
|d 1984-
|4 aut
|4 com
|9 156050
|
| 700 |
1 |
|
|a Kadlečíková, Jana,
|d 1979-
|4 aut
|9 132395
|
| 700 |
1 |
|
|a Píšová, Michaela
|4 aut
|9 120558
|
| 700 |
1 |
|
|a Surová, Svetluša,
|d 1981-
|4 aut
|9 241247
|
| 852 |
|
|
|a Slovenská národná knižnica
|
| 919 |
|
|
|a 978-80-972069-9-4
|
| 954 |
|
|
|a odborná, vedecká literatúra pôvodná (slovenská)
|2 lita
|
| 958 |
|
|
|a NB
|
| 999 |
|
|
|c 902711
|d 904641
|
| 952 |
|
|
|a SNK
|b SNK
|y PREZ
|7 0
|p 17A1472036
|o snkSC 196621
|i snk2022/4245
|8 0
|0 0
|1 0
|4 0
|d 2022-03-18
|l 0
|r 2025-10-16 00:00:00
|w 2026-02-24
|
| 952 |
|
|
|a SNK
|b SNK
|y VYP
|7 0
|p 17A1472037
|o snkSC 196621 D1
|i snk2022/4246
|8 0
|0 0
|1 0
|4 0
|d 2022-03-18
|l 0
|r 2026-02-24 07:18:34
|w 2026-02-24
|